|
|
|
|
| LEADER |
00000nam0a2200000 4500 |
| 001 |
141414 |
| 005 |
20231031142428.0 |
| 010 |
|
|
|a 5020027154
|
| 020 |
|
|
|a RU
|b 89-67463
|
| 035 |
|
|
|a (RuTPU)RU\TPU\book\153276
|
| 090 |
|
|
|a 141414
|
| 100 |
|
|
|a 20080814d1989 k y0rusy5003 ca
|
| 101 |
0 |
|
|a rus
|
| 102 |
|
|
|a RU
|
| 105 |
|
|
|a y z 001zy
|
| 200 |
1 |
|
|a Вольфрамоносные граниты
|f В. В. Ляхович
|g Институт литосферы АН СССР ; под ред. В. И. Рехарского
|
| 210 |
|
|
|a Москва
|c Наука
|d 1989
|
| 215 |
|
|
|a 255,[2] с.
|d 22 см
|
| 225 |
1 |
|
|a Литература по геологии
|
| 320 |
|
|
|a Библиогр.: с. 235-256 (361 назв.)
|
| 610 |
1 |
|
|a геология
|
| 610 |
1 |
|
|a гранитоиды
|
| 610 |
1 |
|
|a минералогический состав
|
| 610 |
1 |
|
|a геохимия
|
| 610 |
1 |
|
|a вольфрамоносные граниты
|
| 675 |
|
|
|a 552.321.1/.3
|z rus
|
| 675 |
|
|
|a 553.463
|z rus
|
| 700 |
|
1 |
|a Ляхович
|b В. В.
|g Валерий Владимирович
|4 070
|
| 702 |
|
1 |
|a Рехарский
|b В. И.
|4 340
|
| 712 |
0 |
2 |
|a Академия наук СССР (АН СССР)
|b Институт литосферы (ИЛ)
|c (Москва)
|c (1979-1991)
|2 stltpush
|3 (RuTPU)RU\TPU\col\14625
|
| 801 |
|
0 |
|a RU
|b RuMRKP
|c 19950417
|g psbo
|
| 801 |
|
1 |
|a RU
|b 63413507
|c 20080814
|g PSBO
|
| 801 |
|
2 |
|a RU
|b 63413507
|c 20090525
|g PSBO
|
| 942 |
|
|
|c BK
|